<?xml version="1.0" encoding="UTF-8"?>
<record
    xmlns:xsi="http://www.w3.org/2001/XMLSchema-instance"
    xsi:schemaLocation="http://www.loc.gov/MARC21/slim http://www.loc.gov/standards/marcxml/schema/MARC21slim.xsd"
    xmlns="http://www.loc.gov/MARC21/slim">

  <leader>00550nam a22001817a 4500</leader>
  <controlfield tag="008">130424t2002    xxua   | |||| 00| 0 spa d</controlfield>
  <datafield tag="020" ind1=" " ind2=" ">
    <subfield code="a">849563032</subfield>
  </datafield>
  <datafield tag="050" ind1=" " ind2=" ">
    <subfield code="a">HB171.5 </subfield>
    <subfield code="b">B512 2002</subfield>
  </datafield>
  <datafield tag="245" ind1=" " ind2=" ">
    <subfield code="a">Gran Enciclopedia Time Life</subfield>
    <subfield code="c"> / Time-Life</subfield>
  </datafield>
  <datafield tag="260" ind1=" " ind2=" ">
    <subfield code="a">Espa&#xF1;a</subfield>
    <subfield code="b"> : Time Life</subfield>
    <subfield code="c"> ; 2002</subfield>
  </datafield>
  <datafield tag="300" ind1=" " ind2=" ">
    <subfield code="a">13 vol&#xFA;men</subfield>
    <subfield code="b">: il. tablas, graf. </subfield>
    <subfield code="c">; 27 cm.</subfield>
  </datafield>
  <datafield tag="336" ind1=" " ind2=" ">
    <subfield code="a">texto</subfield>
  </datafield>
  <datafield tag="337" ind1=" " ind2=" ">
    <subfield code="a">sin medio</subfield>
  </datafield>
  <datafield tag="338" ind1=" " ind2=" ">
    <subfield code="a">volumen</subfield>
  </datafield>
  <datafield tag="519" ind1=" " ind2=" ">
    <subfield code="a">Material Complementario / </subfield>
    <subfield code="d">(21 002744 - 21 002756)</subfield>
  </datafield>
  <datafield tag="650" ind1=" " ind2=" ">
    <subfield code="a">ENCICLOPEDIAS Y DICCIONARIOS</subfield>
    <subfield code="9">1519</subfield>
  </datafield>
  <datafield tag="942" ind1=" " ind2=" ">
    <subfield code="c">LB</subfield>
    <subfield code="2">lcc</subfield>
  </datafield>
  <datafield tag="952" ind1=" " ind2=" ">
    <subfield code="0">0</subfield>
    <subfield code="1">0</subfield>
    <subfield code="2">lcc</subfield>
    <subfield code="4">0</subfield>
    <subfield code="7">0</subfield>
    <subfield code="a">21</subfield>
    <subfield code="b">21</subfield>
    <subfield code="d">2015-12-29</subfield>
    <subfield code="l">0</subfield>
    <subfield code="o">C AE61 G7325v.1</subfield>
    <subfield code="p">21 002744</subfield>
    <subfield code="r">2015-12-29</subfield>
    <subfield code="t">1</subfield>
    <subfield code="w">2015-12-29</subfield>
    <subfield code="y">LB</subfield>
  </datafield>
  <datafield tag="952" ind1=" " ind2=" ">
    <subfield code="0">0</subfield>
    <subfield code="1">0</subfield>
    <subfield code="2">lcc</subfield>
    <subfield code="4">0</subfield>
    <subfield code="7">0</subfield>
    <subfield code="a">21</subfield>
    <subfield code="b">21</subfield>
    <subfield code="d">2015-12-29</subfield>
    <subfield code="l">0</subfield>
    <subfield code="o">C AE61 G7325v.2 </subfield>
    <subfield code="p">21 002745</subfield>
    <subfield code="r">2015-12-29</subfield>
    <subfield code="t">1</subfield>
    <subfield code="w">2015-12-29</subfield>
    <subfield code="y">LB</subfield>
  </datafield>
  <datafield tag="952" ind1=" " ind2=" ">
    <subfield code="0">0</subfield>
    <subfield code="1">0</subfield>
    <subfield code="2">lcc</subfield>
    <subfield code="4">0</subfield>
    <subfield code="7">0</subfield>
    <subfield code="a">21</subfield>
    <subfield code="b">21</subfield>
    <subfield code="d">2015-12-29</subfield>
    <subfield code="l">0</subfield>
    <subfield code="o">C AE61 G7325v.3</subfield>
    <subfield code="p">21 002746</subfield>
    <subfield code="r">2015-12-29</subfield>
    <subfield code="t">1</subfield>
    <subfield code="w">2015-12-29</subfield>
    <subfield code="y">LB</subfield>
  </datafield>
  <datafield tag="952" ind1=" " ind2=" ">
    <subfield code="0">0</subfield>
    <subfield code="1">0</subfield>
    <subfield code="2">lcc</subfield>
    <subfield code="4">0</subfield>
    <subfield code="7">0</subfield>
    <subfield code="a">21</subfield>
    <subfield code="b">21</subfield>
    <subfield code="d">2015-12-29</subfield>
    <subfield code="l">2</subfield>
    <subfield code="o">C AE61 G7325v.4</subfield>
    <subfield code="p">21 002747</subfield>
    <subfield code="r">2017-06-09</subfield>
    <subfield code="s">2017-06-09</subfield>
    <subfield code="t">1</subfield>
    <subfield code="w">2015-12-29</subfield>
    <subfield code="y">LB</subfield>
  </datafield>
  <datafield tag="952" ind1=" " ind2=" ">
    <subfield code="0">0</subfield>
    <subfield code="1">0</subfield>
    <subfield code="2">lcc</subfield>
    <subfield code="4">0</subfield>
    <subfield code="7">0</subfield>
    <subfield code="a">21</subfield>
    <subfield code="b">21</subfield>
    <subfield code="d">2015-12-29</subfield>
    <subfield code="l">1</subfield>
    <subfield code="o">C AE61 G7325v.5</subfield>
    <subfield code="p">21 002748</subfield>
    <subfield code="r">2017-10-18</subfield>
    <subfield code="s">2017-10-18</subfield>
    <subfield code="t">1</subfield>
    <subfield code="w">2015-12-29</subfield>
    <subfield code="y">LB</subfield>
  </datafield>
  <datafield tag="952" ind1=" " ind2=" ">
    <subfield code="0">0</subfield>
    <subfield code="1">0</subfield>
    <subfield code="2">lcc</subfield>
    <subfield code="4">0</subfield>
    <subfield code="7">0</subfield>
    <subfield code="a">21</subfield>
    <subfield code="b">21</subfield>
    <subfield code="d">2015-12-29</subfield>
    <subfield code="l">0</subfield>
    <subfield code="o">C AE61 G7325v.6</subfield>
    <subfield code="p">21 002749</subfield>
    <subfield code="r">2015-12-29</subfield>
    <subfield code="t">1</subfield>
    <subfield code="w">2015-12-29</subfield>
    <subfield code="y">LB</subfield>
  </datafield>
  <datafield tag="952" ind1=" " ind2=" ">
    <subfield code="0">0</subfield>
    <subfield code="1">0</subfield>
    <subfield code="2">lcc</subfield>
    <subfield code="4">0</subfield>
    <subfield code="7">0</subfield>
    <subfield code="a">21</subfield>
    <subfield code="b">21</subfield>
    <subfield code="d">2015-12-29</subfield>
    <subfield code="l">0</subfield>
    <subfield code="o">C AE61 G7325v.7</subfield>
    <subfield code="p">21 002750</subfield>
    <subfield code="r">2015-12-29</subfield>
    <subfield code="t">1</subfield>
    <subfield code="w">2015-12-29</subfield>
    <subfield code="y">LB</subfield>
  </datafield>
  <datafield tag="952" ind1=" " ind2=" ">
    <subfield code="0">0</subfield>
    <subfield code="1">0</subfield>
    <subfield code="2">lcc</subfield>
    <subfield code="4">0</subfield>
    <subfield code="7">0</subfield>
    <subfield code="a">21</subfield>
    <subfield code="b">21</subfield>
    <subfield code="d">2015-12-29</subfield>
    <subfield code="l">0</subfield>
    <subfield code="o">C AE61 G7325v.8</subfield>
    <subfield code="p">21 002751</subfield>
    <subfield code="r">2015-12-29</subfield>
    <subfield code="t">1</subfield>
    <subfield code="w">2015-12-29</subfield>
    <subfield code="y">LB</subfield>
  </datafield>
  <datafield tag="952" ind1=" " ind2=" ">
    <subfield code="0">0</subfield>
    <subfield code="1">0</subfield>
    <subfield code="2">lcc</subfield>
    <subfield code="4">0</subfield>
    <subfield code="7">0</subfield>
    <subfield code="a">21</subfield>
    <subfield code="b">21</subfield>
    <subfield code="d">2015-12-29</subfield>
    <subfield code="l">0</subfield>
    <subfield code="o">C AE61 G7325v.9</subfield>
    <subfield code="p">21 002752</subfield>
    <subfield code="r">2015-12-29</subfield>
    <subfield code="t">1</subfield>
    <subfield code="w">2015-12-29</subfield>
    <subfield code="y">LB</subfield>
  </datafield>
  <datafield tag="952" ind1=" " ind2=" ">
    <subfield code="0">0</subfield>
    <subfield code="1">0</subfield>
    <subfield code="2">lcc</subfield>
    <subfield code="4">0</subfield>
    <subfield code="7">0</subfield>
    <subfield code="a">21</subfield>
    <subfield code="b">21</subfield>
    <subfield code="d">2015-12-29</subfield>
    <subfield code="l">0</subfield>
    <subfield code="o">C AE61 G7325v.10</subfield>
    <subfield code="p">21 002753</subfield>
    <subfield code="r">2015-12-29</subfield>
    <subfield code="t">1</subfield>
    <subfield code="w">2015-12-29</subfield>
    <subfield code="y">LB</subfield>
  </datafield>
  <datafield tag="952" ind1=" " ind2=" ">
    <subfield code="0">0</subfield>
    <subfield code="1">0</subfield>
    <subfield code="2">lcc</subfield>
    <subfield code="4">0</subfield>
    <subfield code="7">0</subfield>
    <subfield code="a">21</subfield>
    <subfield code="b">21</subfield>
    <subfield code="d">2015-12-29</subfield>
    <subfield code="l">0</subfield>
    <subfield code="o">C AE61 G7325v.11</subfield>
    <subfield code="p">21 002754</subfield>
    <subfield code="r">2015-12-29</subfield>
    <subfield code="t">1</subfield>
    <subfield code="w">2015-12-29</subfield>
    <subfield code="y">LB</subfield>
  </datafield>
  <datafield tag="952" ind1=" " ind2=" ">
    <subfield code="0">0</subfield>
    <subfield code="1">0</subfield>
    <subfield code="2">lcc</subfield>
    <subfield code="4">0</subfield>
    <subfield code="7">0</subfield>
    <subfield code="a">21</subfield>
    <subfield code="b">21</subfield>
    <subfield code="d">2015-12-29</subfield>
    <subfield code="l">0</subfield>
    <subfield code="o">C AE61 G7325v.12</subfield>
    <subfield code="p">21 002755</subfield>
    <subfield code="r">2015-12-29</subfield>
    <subfield code="t">1</subfield>
    <subfield code="w">2015-12-29</subfield>
    <subfield code="y">LB</subfield>
  </datafield>
  <datafield tag="952" ind1=" " ind2=" ">
    <subfield code="0">0</subfield>
    <subfield code="1">0</subfield>
    <subfield code="2">lcc</subfield>
    <subfield code="4">0</subfield>
    <subfield code="7">0</subfield>
    <subfield code="a">21</subfield>
    <subfield code="b">21</subfield>
    <subfield code="d">2015-12-29</subfield>
    <subfield code="l">0</subfield>
    <subfield code="o">C AE61 G7325v.13</subfield>
    <subfield code="p">21 002756</subfield>
    <subfield code="r">2015-12-29</subfield>
    <subfield code="t">1</subfield>
    <subfield code="w">2015-12-29</subfield>
    <subfield code="y">LB</subfield>
  </datafield>
  <datafield tag="999" ind1=" " ind2=" ">
    <subfield code="c">89568</subfield>
    <subfield code="d">89568</subfield>
  </datafield>
</record>
